00765nam a22002292a 450000100060000000300080000600500170001400800410003102000150007203500350008704000230012204100110014508200280015610000290018424501140021326000560032730000230038350000230040650400290042965000590045870000180051778390BD-RjUL20211209083126.0210915s1974 cau b 000 0 eng d a0520022343 aOCLC ocm00923411 from D960123M aDLCcDLCdEQObeng0 aengara 223a892.71608bKHA 19741 aKhouri, Mounah Abdallah.13aAn anthology of modern Arabic poetry. /cSelected, edited, and translated by Mounah A. Khouri and Hamid Algar aBerkeley :bUniversity of California Press,c[1974] axii, 252 p.c24 cm aEnglish and Arabic aBibliography: p. 249-252 0aArabic poetryy20th centuryxTranslations into English1 aAlgar, Hamid.